1742 1910 1582 1837 1845 1282 1128 1611 1074 1634 1941 1149 1834 1968 1723 1758 1971 1097 1357 1050 1653 1172 1696 1463 1536 1207 1588 1696 1225 1253 1340 1413 1679 1865 1444 1237 1247 1878 1193 1712 1439 1206 1276 1448 1565 1449 1714 1216 1371 1428 1996 1912 1075 1184 1130 1999 1816 1596 1107 1593 1747 1578 1904 1853 1876 1090 1946 1112 1791 1290 1193 1490 1495 1100 1130 1276 1735 1337 1649 1914 1470 1395 1005 1437 1805 1718 1016 1007 1295 1114 1801 1302 1245 1174 1830 1418 1092 1715 1320 BCNSPRNW ULIB Ver.6.0+V

เปลี่ยนเป็นภาษาไทย

Change to English
 แสดงรายละเอียดบรรณานุกรม
  กลับหน้าหลัก

Brief Record : Get Marc (ISO 2709) : E-mail record : QR code < ปิดหน้าต่าง
LEADER : 00000nam 2200000uu 4500
001    13399114501
003     ULIB
008    120410s||||||||th 000 0 tha d
020    6167007106
100 0  เฟื่องฝน
245 00 บันทึกเฮฮา คุณหนูพยาบาลจอมจุ้น
945    ^p165^l0^i026862
999 ^a ใช้งานได้ทุกระบบ
รายการนี้ยังไม่มีแท็ก
คุณยังไม่ได้ล็อกอิน คุณสามารถมีกิจกรรมร่วมกับเว็บไซต์ได้ แต่ต้องล็อกอินก่อน ::
  ล็อกอิน

รายการสื่อสารสนเทศ

ลำดับที่ ประเภท เลขเรียก/บาร์โค้ด สถานที่ สถานะ
- ไม่พบข้อมูล -

รายการใกล้เคียง
    ผู้แต่ง [เฟื่องฝน]

BibComment


ยังไม่เคยถูกคอมเมนท์

คอมเมนท์ทรัพยากรรายการนี้
  คอมเมนท์: บันทึกเฮฮา คุณหนู..


 Copyright 2026. Bcnsprnw @Library